Las citas de Carlota (Record no. 171292)
[ view plain ]
| 000 -LEADER | |
|---|---|
| campo de control de longitud fija | 00733nam a22001575i 4500 |
| 001 - NÚMERO DE CONTROL | |
| campo de control | 171292 |
| 003 - IDENTIFICADOR DE NÚMERO DE CONTROL | |
| campo de control | ES-MaACL |
| 005 - FECHA Y HORA DE LA ÚLTIMA TRANSACCIÓN | |
| campo de control | 20230906214605.0 |
| 008 - DATOS DE LONGITUD FIJA--INFORMACIÓN GENERAL | |
| campo de control de longitud fija | 090508s1879 sp |||| | spa d |
| 100 1# - ENTRADA PRINCIPAL--NOMBRE DE PERSONA | |
| Nombre de persona | Cocat, Luis. |
| 9 (RLIN) | 140066 |
| 245 14 - MENCIÓN DEL TÍTULO | |
| Título | Las citas de Carlota |
| Resto del título | : comedia en un acto y en prosa / |
| Mención de responsabilidad, etc. | arreglada a nuestra escena por Luis Cocat. |
| 260 ## - PUBLICACIÓN, DISTRIBUCIÓN, ETC. | |
| Lugar de publicación, distribución, etc. | Madrid : |
| Nombre del editor, distribuidor, etc. | [Hijos de A. Gullon], |
| Fecha de publicación, distribución, etc. | 1879 ( |
| Fabricante | Imp. de José Rodríguez) |
| 300 ## - DESCRIPCIÓN FÍSICA | |
| Extensión | 24 p. ; |
| Dimensiones | 18 cm. |
| 500 ## - NOTA GENERAL | |
| Nota general | En port.: Estrenada con aplauso en el Salón Eslava el 12 de febrero de 1879. |
| 852 ## - LOCALIZACIÓN | |
| Ubicación | Ba |
| Número de control de estantería | F-8599(5) |
| Nota libre | .- Enc. pasta española |
| condición física | .- Falto de la cub. original |
| Nota libre | .- Enc. en un vol. facticio formando parte de la col. facticia "Teatro español moderno", vol. 52 |
| Estatus retirado | Estado de pérdida | Estado de daño | No para préstamo | Colección | Biblioteca de origen | Biblioteca actual | Ubicación en estantería | Fecha de adquisición | Fuente de adquisición | Total de préstamos | Signatura topográfica completa | Código de barras | Visto por última vez | Precio de reemplazo | Tipo de ítem Koha |
|---|---|---|---|---|---|---|---|---|---|---|---|---|---|---|---|
| Libros del s. XIX | Biblioteca del Ateneo de Madrid | Biblioteca del Ateneo de Madrid | Sala Pecera Planta 2 | 08/05/2009 | F-8599(2) | 1179760 | 23/02/2023 | 23/02/2023 | Libro impreso antiguo |
